000 00292nam a22001217a 4500
008 180604b xxu||||| |||| 00| 0 eng d
041 _aeng
080 _a043.3
100 _a0
101 _aMBE-BTH
245 _aEconomic effects of broadband and mobile broadband
_cAjeti,B
942 _2udc
_cBK
999 _c46270
_d46270